[Event "Toronto NAYCC U08"]
[Site "Toronto"]
[Date "2013.08.17"]
[Round "6"]
[White "Walters, Joshua"]
[Black "Bhanji, Areez"]
[Result "0-1"]
[WhiteElo "290"]
[BlackElo "204"]
[PlyCount "44"]
[EventDate "2013.08.14"]
[EventType "swiss"]
[EventRounds "9"]
[EventCountry "CAN"]
[SourceTitle "EXT 2022"]
[Source "ChessBase"]
[SourceDate "2021.10.06"]
[SourceVersion "1"]
[SourceVersionDate "2021.10.06"]
[SourceQuality "1"]

1. e4 e5 2. Qh5 Nf6 3. Qxe5+ Be7 4. Bc4 0-0 5. Na3 c6 6. Qf5 Bc5 7. b3 Qe8 8. Bb2 Nxe4 9. Qg4 Nf6+ 10. Be2 Nxg4 11. f3 Nh6 12. h4 d6 13. Rh3 Bxh3 14. gxh3 Bxg1 15. 0-0-0 Qxe2 16. Nc4 Re8 17. Ne3 Bxe3 18. dxe3 Qxe3+ 19. Rd2 Re6 20. Bd4 Qf4 21. h5 Nf5 22. Bb2 Re1# 0-1

[Event "Toronto NAYCC U08"]
[Site "Toronto"]
[Date "2013.08.16"]
[Round "4"]
[White "Liu, Owen"]
[Black "Walters, Joshua"]
[Result "1-0"]
[WhiteElo "571"]
[BlackElo "290"]
[PlyCount "35"]
[EventDate "2013.08.14"]
[EventType "swiss"]
[EventRounds "9"]
[EventCountry "CAN"]
[SourceTitle "EXT 2022"]
[Source "ChessBase"]
[SourceDate "2021.10.06"]
[SourceVersion "1"]
[SourceVersionDate "2021.10.06"]
[SourceQuality "1"]

1. e4 e5 2. Nf3 Qe7 3. Bc4 Qb4 4. c3 Qc5 5. Bb3 Be7 6. d4 Qb5 7. c4 Qc6 8. Nxe5 Qa6 9. c5 Qa5+ 10. Bd2 Qb6 11. cxb6 axb6 12. Bxf7+ Kf8 13. 0-0 Nf6 14. Qe1 Nh5 15. Bb4 Bxb4 16. Qxb4+ d6 17. Qb5 c6 18. Qxb6 1-0